000 00436nam a2200181Ia 4500
005 20250508162528.0
008 008 250505s9999 xx 000 0 hin d
037 _aTextual
040 _aFEDL
_beng
_cFEDL
041 _ahin
_2eng
084 _aFH, BHR
_qFEDL
100 _aBharamar Ramkumar
245 0 _aAdhikar (Novel)
260 _c1984
300 _a163p.
942 _cTEXL
_hFH, BHR
999 _c1377118
_d1377118